Cours de Physiologie moleculare fait au doctorat en Sciences mathematiques en 1903 / (Record no. 60195)

MARC details
000 -LEADER
campo de control de longitud fija 00520nam a2200157 i 4500
001 - NÚMERO DE CONTROL
campo de control 60195
003 - IDENTIFICADOR DE NÚMERO DE CONTROL
campo de control ES-MaACL
005 - FECHA Y HORA DE LA ÚLTIMA TRANSACCIÓN
campo de control 20230906164156.0
007 - CAMPO FIJO DE DESCRIPCIÓN FÍSICA--INFORMACIÓN GENERAL
campo de control de longitud fija t|
008 - DATOS DE LONGITUD FIJA--INFORMACIÓN GENERAL
campo de control de longitud fija 031103s1907 be ||||1| fre d
100 1# - ENTRADA PRINCIPAL--NOMBRE DE PERSONA
Nombre de persona Errera, Lö.
9 (RLIN) 126946
245 10 - MENCIÓN DEL TÍTULO
Título Cours de Physiologie moleculare fait au doctorat en Sciences mathematiques en 1903 /
Mención de responsabilidad, etc. par Lö Errera ; lecons recueillies et redigées par H. Schonteden.
260 ## - PUBLICACIÓN, DISTRIBUCIÓN, ETC.
Lugar de publicación, distribución, etc. Bruxelles :
Nombre del editor, distribuidor, etc. [s.n.,
Fecha de publicación, distribución, etc. 1907]
700 1# - ENTRADA AGREGADA--NOMBRE PERSONAL
Nombre de persona Schonteden, H.
9 (RLIN) 104649
852 ## - LOCALIZACIÓN
Ubicación ES-MaACL
Número de control de estantería T-1384-F-1
Holdings
Estatus retirado Estado de pérdida Estado de daño No para préstamo Colección Biblioteca de origen Biblioteca actual Ubicación en estantería Fecha de adquisición Fuente de adquisición Total de préstamos Signatura topográfica completa Código de barras Visto por última vez Precio de reemplazo Tipo de ítem Koha
        Colección de folletos Biblioteca del Ateneo de Madrid Biblioteca del Ateneo de Madrid Depósito folletos 17/01/2008     T-1384-F-1 1063140 23/02/2023 23/02/2023 Folleto